[Event "C.to Europeo U18 femminile"]
[Site "Fermo ITA"]
[Date "2009.09.02"]
[Round "3"]
[White "Richard, Emma"]
[Black "Girya, Olga"]
[Result "0-1"]
[WhiteElo "2091"]
[BlackElo "2266"]
[PlyCount "67"]
[EventDate "2009.08.31"]

1. e4 c5 2. Nf3 e6 3. d4 cxd4 4. Nxd4 a6 5. Bd3 Bc5 6. Nb3 Ba7 7. O-O Nc6 8.
Qe2 d6 9. Be3 Nge7 10. c4 O-O 11. Nc3 e5 12. Bxa7 Rxa7 13. Rad1 Be6 14. Qe3 b6
15. Nd5 Rb7 16. Be2 a5 17. Nc3 Qb8 18. Rd2 Rd8 19. Rfd1 Rbd7 20. Na4 Nc8 21. h3
Nb4 22. Nc3 Qc7 23. Bg4 Qxc4 24. Bxe6 Qxe6 25. Nc1 d5 26. exd5 Nxd5 27. Qd3 Nf6
28. Qe3 Rxd2 29. Rxd2 Rxd2 30. Qxd2 Qd6 31. Qe2 Ne7 32. Nb3 g6 33. Qa6 Nf5 34.
Na4 0-1

[Event "C.to Europeo U18 femminile"]
[Site "Fermo ITA"]
[Date "2009.09.02"]
[Round "3"]
[White "Tanacs, Anna"]
[Black "Thilaganathan, Jessica"]
[Result "0-1"]
[WhiteElo "2073"]
[BlackElo "1899"]
[PlyCount "68"]
[EventDate "2009.08.31"]

1. d4 d5 2. Nf3 Nf6 3. g3 c6 4. Bg2 Bf5 5. O-O e6 6. c4 Nbd7 7. Nc3 dxc4 8. Nh4
Bg6 9. Nxg6 hxg6 10. e4 Be7 11. a4 a5 12. Qe2 Nb6 13. Be3 O-O 14. Rad1 Bb4 15.
Qc2 Ng4 16. Bf4 Qe7 17. Rfe1 e5 18. dxe5 Nxe5 19. Bxe5 Qxe5 20. f4 Qc5+ 21. Kh1
Rad8 22. Rf1 Bxc3 23. bxc3 Rxd1 24. Rxd1 Qa3 25. Rb1 Nxa4 26. Rxb7 Qxc3 27. Qf2
Rd8 28. Bf3 Qc1+ 29. Qg1 Qxg1+ 30. Kxg1 c3 31. Rb1 c2 32. Rc1 Rd2 33. Kf1 Nc5
34. Ke1 Nb3 0-1

[Event "C.to Europeo U18 femminile"]
[Site "Fermo ITA"]
[Date "2009.09.02"]
[Round "3"]
[White "Tsatsalashvili, Keti"]
[Black "Wierzbicka, Wiktoria"]
[Result "1-0"]
[WhiteElo "2255"]
[BlackElo "2037"]
[PlyCount "79"]
[EventDate "2009.08.31"]

1. d4 d5 2. c4 c6 3. Nf3 e6 4. e3 f5 5. Nbd2 Bd6 6. Ne5 Nf6 7. Be2 O-O 8. O-O
Nbd7 9. Nd3 Ne4 10. cxd5 exd5 11. f4 Qf6 12. Nf3 Kh8 13. Bd2 Nb6 14. b3 a5 15.
Qc2 Be6 16. Nfe5 g5 17. Bf3 g4 18. Bxe4 fxe4 19. Nc5 Qe7 20. Nxe6 Qxe6 21. Qd1
h5 22. h3 Bxe5 23. dxe5 Rf7 24. hxg4 hxg4 25. g3 Qh6 26. Qe2 Rh7 27. Qg2 Nd7
28. Kf2 Qe6 29. Rh1 Rh3 30. Rxh3+ gxh3 31. Rh1 Kg7 32. Qxh3 Qxh3 33. Rxh3 Nc5
34. Bc3 Nd3+ 35. Kg2 c5 36. e6+ Kg6 37. Rh8 Rxh8 38. Bxh8 d4 39. f5+ Kxf5 40.
e7 1-0

[Event "C.to Europeo U18 femminile"]
[Site "Fermo ITA"]
[Date "2009.09.02"]
[Round "3"]
[White "Van Orsouw, Svenja"]
[Black "Ozturk, Kubra"]
[Result "0-1"]
[WhiteElo "1781"]
[BlackElo "2256"]
[PlyCount "118"]
[EventDate "2009.08.31"]

1. e4 e5 2. Nf3 Nc6 3. d4 exd4 4. Bc4 Nf6 5. O-O Nxe4 6. Re1 d5 7. Bxd5 Qxd5 8.
Nc3 Qh5 9. Nxe4 Be6 10. Bg5 Bd6 11. Nxd6+ cxd6 12. Bf4 Qc5 13. Ng5 Qf5 14. Nxe6
fxe6 15. Bxd6 O-O-O 16. Bg3 h5 17. h4 g5 18. Qe2 Rh6 19. Qe4 gxh4 20. Qxf5 exf5
21. Bxh4 Rg8 22. f3 Nb4 23. Rad1 Nxc2 24. Re2 Rc6 25. Rdd2 Nb4 26. a3 Rc1+ 27.
Kh2 Nc6 28. Bf6 Rc4 29. Rd3 Rc5 30. Red2 Rd5 31. Rc2 Kb8 32. Rcd2 Ka8 33. f4
Rf8 34. Bg5 b5 35. Rh3 Rh8 36. Bf6 Rh7 37. Rg3 Kb7 38. Rg7+ Rxg7 39. Bxg7 Kb6
40. Kh3 Rd7 41. Bf6 Kc5 42. Kh4 d3 43. b3 b4 44. a4 Na5 45. Kxh5 Nxb3 46. Rd1
d2 47. Kg5 Kc4 48. Kxf5 Kd3 49. g4 Ke2 50. Rxd2+ Kxd2 51. g5 Nd4+ 52. Ke4 b3
53. Bxd4 Rxd4+ 54. Kxd4 b2 55. f5 b1=Q 56. Ke5 Qb8+ 57. Kf6 Qf8+ 58. Ke6 Ke3
59. g6 Kf4 0-1

[Event "C.to Europeo U18 femminile"]
[Site "Fermo ITA"]
[Date "2009.09.02"]
[Round "3"]
[White "Vojinovic, Jovana"]
[Black "Mammadova, Gulnar Marfat Qizi"]
[Result "1/2-1/2"]
[WhiteElo "2341"]
[BlackElo "2209"]
[PlyCount "62"]
[EventDate "2009.08.31"]

1. d4 f5 2. g3 Nf6 3. Bg2 g6 4. c3 Bg7 5. Qb3 d5 6. Nh3 e6 7. Nf4 Qe7 8. Nd2
Nbd7 9. Nf3 Ne4 10. Nd3 c5 11. Qd1 c4 12. Nde5 Nxe5 13. Nxe5 O-O 14. Be3 b5 15.
O-O Bd7 16. f3 Nf6 17. Qd2 Be8 18. Bg5 Qd6 19. Rae1 Nd7 20. Nxd7 Bxd7 21. e4
fxe4 22. fxe4 dxe4 23. Bxe4 Bc6 24. Bf4 Qd7 25. Bxc6 Qxc6 26. Qe3 Rae8 27. Be5
Rxf1+ 28. Rxf1 Rf8 29. Re1 Rf3 30. Qe4 Qxe4 31. Rxe4 Bh6 1/2-1/2

[Event "C.to Europeo U18 femminile"]
[Site "Fermo ITA"]
[Date "2009.09.02"]
[Round "3"]
[White "Zalimaite, Ieva"]
[Black "Zier, Verena"]
[Result "0-1"]
[WhiteElo "1883"]
[BlackElo "1982"]
[PlyCount "46"]
[EventDate "2009.08.31"]

1. c4 e6 2. g3 d5 3. Bg2 Nf6 4. Nf3 Be7 5. O-O O-O 6. b3 c5 7. d4 dxc4 8. bxc4
cxd4 9. Nxd4 Qb6 10. Nb3 Bd7 11. Bb2 Bc6 12. N1d2 Bxg2 13. Kxg2 Nc6 14. e4 Rfd8
15. Qe2 Rac8 16. Rfc1 Nd7 17. f4 Nc5 18. Rf1 Na4 19. Bc1 Nb4 20. Ba3 Bf8 21.
Qg4 Nc2 22. c5 Nxc5 23. Bxc5 Bxc5 0-1

[Event "C.to Europeo U18 femminile"]
[Site "Fermo ITA"]
[Date "2009.09.03"]
[Round "4"]
[White "Girya, Olga"]
[Black "Repina, Varvara"]
[Result "1-0"]
[WhiteElo "2266"]
[BlackElo "2264"]
[PlyCount "119"]
[EventDate "2009.08.31"]

1. e4 e5 2. Nf3 Nc6 3. Bb5 g6 4. O-O Bg7 5. Re1 Nge7 6. c3 d6 7. h3 O-O 8. d4
Bd7 9. d5 Nb8 10. Bxd7 Nxd7 11. c4 a5 12. Nc3 h6 13. a3 f5 14. Rb1 f4 15. b4
axb4 16. axb4 g5 17. Nb5 b6 18. Ba3 Ng6 19. c5 h5 20. Nh2 Nf6 21. Rb3 Qd7 22.
c6 Qf7 23. Bb2 Nh8 24. Nf3 Nh7 25. Nd2 Rfc8 26. Nc4 Qg6 27. Nbxd6 cxd6 28. Nxb6
g4 29. Nxc8 Rxc8 30. h4 Bf6 31. b5 Bxh4 32. b6 Bd8 33. b7 Rb8 34. Bxe5 Ng5 35.
Bxf4 Nhf7 36. Qc2 Bc7 37. Rg3 Qf6 38. Bxg5 Qxg5 39. Qc1 Qg7 40. Qc3 Ne5 41. Ra1
h4 42. Re3 Bb6 43. Ra8 Qc7 44. Kh1 Kf7 45. Rxb8 Qxb8 46. Qa3 Ke7 47. Qa8 Bc7
48. Ra3 Kd8 49. Kh2 Nc4 50. Ra2 Ne5 51. Ra1 Nd3 52. f3 Nf2 53. fxg4 Nxg4+ 54.
Kh3 Ne5 55. Qxb8+ Bxb8 56. Ra8 Kc7 57. Kxh4 Nd3 58. Kg5 Ne1 59. g4 Nf3+ 60. Kf6
1-0

[Event "C.to Europeo U18 femminile"]
[Site "Fermo ITA"]
[Date "2009.09.03"]
[Round "4"]
[White "Goossens, Hanne"]
[Black "Korchagina, Viktoria"]
[Result "1-0"]
[WhiteElo "1963"]
[BlackElo "2166"]
[PlyCount "69"]
[EventDate "2009.08.31"]

1. e4 c5 2. Nf3 d6 3. d4 cxd4 4. Nxd4 Nf6 5. Nc3 a6 6. Bc4 e6 7. O-O Nbd7 8.
Bxe6 fxe6 9. Nxe6 Qa5 10. Nd5 Nxd5 11. exd5 Kf7 12. Bd2 Qxd5 13. Nc7 Qc6 14.
Nxa8 Ne5 15. Be3 Bg4 16. f3 Be6 17. Nb6 Be7 18. b3 Bf6 19. Bd4 Ng6 20. Bxf6
gxf6 21. Qd4 Ne5 22. c4 Rg8 23. Kh1 h5 24. Nd5 h4 25. Qxh4 Bxd5 26. cxd5 Qxd5
27. Qh5+ Rg6 28. Rfd1 Qc5 29. Rac1 Qf2 30. Qh3 Qb6 31. Qc8 Rh6 32. Qc7+ Qxc7
33. Rxc7+ Ke6 34. Rxb7 Nd7 35. Re1+ 1-0

[Event "C.to Europeo U18 femminile"]
[Site "Fermo ITA"]
[Date "2009.09.03"]
[Round "4"]
[White "Iordanidou, Zoi"]
[Black "Jorgensen, Line Jin"]
[Result "1-0"]
[WhiteElo "2115"]
[BlackElo "1924"]
[PlyCount "71"]
[EventDate "2009.08.31"]

1. e4 e5 2. Nf3 Nc6 3. Bc4 Nf6 4. Ng5 d5 5. exd5 Na5 6. Bb5+ c6 7. dxc6 bxc6 8.
Bd3 Be7 9. O-O h6 10. Ne4 Nd5 11. Ng3 O-O 12. Bf5 g6 13. Bxc8 Rxc8 14. d4 Kh7
15. dxe5 Nc4 16. Qe2 Na5 17. c4 Nb6 18. b3 f5 19. Rd1 Qc7 20. Bd2 Nb7 21. Bc3
Rce8 22. Nd2 Nc5 23. Re1 Ne6 24. Nf3 c5 25. Rad1 Rd8 26. a4 Rxd1 27. Rxd1 Nd7
28. Nf1 f4 29. N1d2 Qc6 30. Ne4 Nb8 31. Nf6+ Kg7 32. Nh4 Nd4 33. Bxd4 cxd4 34.
Qd3 Rxf6 35. exf6+ Bxf6 36. Qxg6+ 1-0

[Event "C.to Europeo U18 femminile"]
[Site "Fermo ITA"]
[Date "2009.09.03"]
[Round "4"]
[White "Labedz, Patrycja"]
[Black "Vojinovic, Jovana"]
[Result "0-1"]
[WhiteElo "2044"]
[BlackElo "2341"]
[PlyCount "172"]
[EventDate "2009.08.31"]

1. d4 Nf6 2. Nf3 g6 3. Bf4 Bg7 4. e3 d6 5. h3 O-O 6. Be2 c5 7. c3 Be6 8. Nbd2
Qb6 9. Qc1 Nc6 10. Nc4 Bxc4 11. Bxc4 Rac8 12. dxc5 Qxc5 13. Be2 b5 14. O-O b4
15. cxb4 Nxb4 16. a3 Nbd5 17. Bh2 Qxc1 18. Raxc1 Ne4 19. Nd4 Bxd4 20. exd4 a5
21. Bc4 Nef6 22. Rfe1 Kg7 23. Bg3 Rc7 24. b3 Rfc8 25. Rcd1 Rb8 26. Rc1 h6 27.
f3 Rbc8 28. Rcd1 a4 29. Rd3 axb3 30. Bxb3 Ra8 31. Ra1 Rca7 32. a4 Nb6 33. a5
Rxa5 34. Rxa5 Rxa5 35. Be1 Ra1 36. Kf2 Nbd5 37. Bd2 g5 38. Bc4 Nf4 39. Rc3 Rd1
40. Rc2 d5 41. Bf1 Ne6 42. Be2 Rb1 43. Bc3 Rb3 44. Ba6 Ne8 45. Bc8 Nf8 46. Ba5
Nd6 47. Bg4 Nc4 48. Bc3 e6 49. Bh5 Nd7 50. f4 Nf6 51. Bf3 gxf4 52. Ke2 Ne3 53.
Rc1 Nf5 54. Kd3 Nh4 55. Kc2 Ra3 56. Kb2 Ra4 57. Bd1 Rc4 58. Be2 Rc7 59. Rf1 Ne4
60. Be1 Ng6 61. Bd3 f5 62. Rf3 Ng5 63. Rf1 f3 64. gxf3 Nf4 65. Bc2 Ngxh3 66.
Bg3 Rb7+ 67. Bb3 Kh7 68. Rh1 Rg7 69. Bh4 Ng5 70. Bd1 Nf7 71. Kc3 Nd6 72. Bf6
Rc7+ 73. Kb3 Nf7 74. Rg1 Ng6 75. Bc2 Nd6 76. Rh1 Rc8 77. Bg5 Nf7 78. Bf6 Nf4
79. Ra1 Kg6 80. Bh4 Ng5 81. Bd1 Rc4 82. Bg3 Rxd4 83. Kc3 Rxd1 84. Rxd1 Ne2+ 85.
Kd3 Nxg3 86. Ke3 Nh5 0-1

[Event "C.to Europeo U18 femminile"]
[Site "Fermo ITA"]
[Date "2009.09.03"]
[Round "4"]
[White "Mammadova, Gulnar Marfat Qizi"]
[Black "Paikidze, Nazi"]
[Result "0-1"]
[WhiteElo "2209"]
[BlackElo "2298"]
[PlyCount "138"]
[EventDate "2009.08.31"]

1. e4 c5 2. Nc3 Nc6 3. f4 g6 4. Nf3 Bg7 5. d3 e6 6. g3 Nge7 7. Bg2 O-O 8. O-O
d5 9. e5 Nf5 10. g4 Nfd4 11. Nxd4 cxd4 12. Ne2 Qb6 13. Kh1 f6 14. exf6 Bxf6 15.
b3 Qc5 16. a4 Nb4 17. Ba3 a5 18. Rc1 Bd7 19. Qd2 Bg7 20. c3 dxc3 21. Nxc3 Qd4
22. Ne2 Qb6 23. d4 Rfc8 24. Bxb4 axb4 25. Qe3 Qd6 26. Ng3 Rxc1 27. Rxc1 Rf8 28.
Rf1 Bh6 29. g5 Bg7 30. Ne2 b5 31. a5 Ra8 32. Ra1 Qc7 33. a6 Qb6 34. Qh3 Rxa6
35. Rxa6 Qxa6 36. Bxd5 Qd6 37. Be4 Bxd4 38. Nxd4 Qxd4 39. Qf3 Kg7 40. Kg2 e5
41. fxe5 Qxe5 42. h4 Be6 43. Qd3 Bxb3 44. Qxb3 Qxe4+ 45. Kh3 Qh1+ 46. Kg3 Qe1+
47. Kg4 Qg1+ 48. Kh3 Qc5 49. Qd1 Qe3+ 50. Kh2 Qe5+ 51. Kg2 Qe4+ 52. Kg3 Qe5+
53. Kg2 Qb2+ 54. Kg3 Qc3+ 55. Kg2 Qc6+ 56. Kg3 Kf7 57. Qb3+ Qc4 58. Qf3+ Ke6
59. Qf6+ Kd7 60. Qg7+ Kc6 61. Qxh7 Qd3+ 62. Kf2 b3 63. Qg7 Qc2+ 64. Ke3 b2 65.
Qf6+ Kb7 66. Qe7+ Qc7 67. Qe4+ Qc6 68. Qe7+ Kb6 69. Qd8+ Ka6 0-1

[Event "C.to Europeo U18 femminile"]
[Site "Fermo ITA"]
[Date "2009.09.03"]
[Round "4"]
[White "Ni, Viktorija"]
[Black "Braggaar, Leonore"]
[Result "1-0"]
[WhiteElo "2151"]
[BlackElo "2043"]
[PlyCount "65"]
[EventDate "2009.08.31"]

1. d4 d5 2. c4 c6 3. Nc3 e6 4. cxd5 exd5 5. Qc2 Bd6 6. Nf3 Nf6 7. Bg5 O-O 8. e3
Re8 9. Bd3 Nbd7 10. Bxh7+ Kh8 11. Bf5 Qa5 12. O-O Rg8 13. a3 g6 14. Bh3 Kg7 15.
b4 Qb6 16. e4 Bb8 17. e5 Nh7 18. Qd2 Qc7 19. Rac1 Nxg5 20. Nxg5 Nb6 21. Bxc8
Rxc8 22. f4 Nc4 23. Qf2 Qe7 24. Qg3 f5 25. exf6+ Qxf6 26. Qh3 Rh8 27. Qd7+ Kg8
28. Qc8+ Qf8 29. Qe6+ Kg7 30. Qd7+ Kg8 31. Rce1 Nb6 32. Qxb7 Bd6 33. Re6 1-0

[Event "C.to Europeo U18 femminile"]
[Site "Fermo ITA"]
[Date "2009.09.03"]
[Round "4"]
[White "Ozturk, Kubra"]
[Black "Tsatsalashvili, Keti"]
[Result "1/2-1/2"]
[WhiteElo "2256"]
[BlackElo "2255"]
[PlyCount "120"]
[EventDate "2009.08.31"]

1. d4 Nf6 2. c4 e6 3. Nf3 b6 4. g3 Ba6 5. b3 Bb4+ 6. Bd2 Be7 7. Nc3 c6 8. e4 d5
9. Qc2 dxe4 10. Nxe4 Bb7 11. Bg2 Nbd7 12. O-O Nxe4 13. Qxe4 O-O 14. Bc3 Nf6 15.
Qc2 c5 16. dxc5 Be4 17. Qb2 bxc5 18. Rad1 Qc7 19. Rfe1 Bc6 20. Nh4 Bxg2 21.
Kxg2 Qb7+ 22. Kg1 Rfd8 23. Rxd8+ Rxd8 24. Qe2 h6 25. f4 Nh7 26. Nf3 Bf6 27. Be5
Qd7 28. Qe3 Bxe5 29. Nxe5 Qd6 30. Qf3 Qd2 31. Qf2 Qd6 32. Qg2 Qd2 33. Qxd2 Rxd2
34. a3 Nf6 35. b4 Nd7 36. Nxd7 Rxd7 37. Re5 cxb4 38. axb4 Rb7 39. b5 Rc7 40.
Re4 a6 41. Kf2 Rb7 42. bxa6 Ra7 43. c5 Rxa6 44. Rc4 Kf8 45. Ke3 Ke7 46. Rb4 Ra7
47. g4 Kd7 48. Kd4 Kc7 49. f5 exf5 50. gxf5 Ra2 51. h4 h5 52. Ke4 Re2+ 53. Kf4
Rg2 54. Kf3 Rg1 55. Ra4 Kb7 56. Rd4 Kc6 57. Rd8 Rg4 58. f6 gxf6 59. Rd6+ Kxc5
60. Rxf6 Rxh4 1/2-1/2

[Event "C.to Europeo U18 femminile"]
[Site "Fermo ITA"]
[Date "2009.09.03"]
[Round "4"]
[White "Skinke, Katrina"]
[Black "Richard, Emma"]
[Result "1-0"]
[WhiteElo "2200"]
[BlackElo "2091"]
[PlyCount "103"]
[EventDate "2009.08.31"]

1. e4 c5 2. Nf3 Nc6 3. d4 cxd4 4. Nxd4 e5 5. Nb5 d6 6. N1c3 a6 7. Na3 b5 8. Nd5
Nge7 9. c4 Nd4 10. Be3 Nxd5 11. cxd5 g6 12. Bd3 Bg7 13. O-O O-O 14. Qd2 f5 15.
Bxd4 fxe4 16. Bxe4 exd4 17. Nc2 Qh4 18. Rae1 Bf5 19. g3 Qh5 20. f3 Bxe4 21.
fxe4 Rxf1+ 22. Rxf1 Qe5 23. Qd3 Re8 24. Re1 Rf8 25. Nb4 Qh5 26. Kg2 g5 27. Nc6
g4 28. Ne7+ Kh8 29. Nf5 Be5 30. Rc1 Qg6 31. Rc6 Ra8 32. Nxd4 Bxd4 33. Qxd4+ Kg8
34. Rc2 Re8 35. Re2 Qh5 36. Rf2 Qg6 37. Rf4 Re5 38. Qe3 Re8 39. Qe2 h5 40. Qe3
Re7 41. b3 Qg7 42. Qd2 Qe5 43. Kg1 Rf7 44. Rxf7 Kxf7 45. Qf4+ Qf6 46. b4 Kg6
47. Qxf6+ Kxf6 48. Kf2 Kg6 49. Ke3 Kg5 50. Kd4 Kf6 51. e5+ dxe5+ 52. Ke4 1-0

[Event "C.to Europeo U18 femminile"]
[Site "Fermo ITA"]
[Date "2009.09.03"]
[Round "4"]
[White "Uta, Adeline-Ramona"]
[Black "Andrenko, Irina"]
[Result "1/2-1/2"]
[WhiteElo "2076"]
[BlackElo "2184"]
[PlyCount "209"]
[EventDate "2009.08.31"]

1. e4 c5 2. Nf3 d6 3. d4 cxd4 4. Nxd4 Nf6 5. Nc3 g6 6. Be3 Bg7 7. f3 O-O 8. Qd2
Nc6 9. O-O-O Bd7 10. g4 Rc8 11. h4 h5 12. gxh5 Nxh5 13. Nxc6 Rxc6 14. Bd4 Qa5
15. Bxg7 Kxg7 16. Rg1 Be6 17. Rg5 Rc5 18. Rxc5 Qxc5 19. f4 Bg4 20. Be2 Bxe2 21.
Nxe2 Nf6 22. Nc3 Rh8 23. Qe1 Ng4 24. Nd5 Rc8 25. Rd2 e6 26. Nc3 b5 27. Qe2 b4
28. Nb5 Qg1+ 29. Qd1 Qg3 30. Nxd6 Ne3 31. Qh1 Rh8 32. Re2 Qxf4 33. Qh2 Ng2+ 34.
Qxf4 Nxf4 35. Rh2 g5 36. e5 Rxh4 37. Rf2 Rh1+ 38. Kd2 Ra1 39. Rf3 Rxa2 40. Rg3
Rxb2 41. Rxg5+ Ng6 42. Nc4 Ra2 43. Kc1 Ra6 44. Kb2 Kh6 45. Rg1 Rc6 46. Kb3 a5
47. Nxa5 Rc3+ 48. Kxb4 Rxc2 49. Re1 Nf4 50. Re4 Nd3+ 51. Kb3 Nc5+ 52. Kxc2 Nxe4
53. Kd3 Ng5 54. Ke3 Kg6 55. Kf4 Nh3+ 56. Kg3 Ng1 57. Kf2 Nh3+ 58. Kg3 Ng5 59.
Kf4 Nh7 60. Nc4 Nf8 61. Nd6 Nd7 62. Nc4 Kg7 63. Nd6 Kf8 64. Nc4 Ke7 65. Ke4 Nf8
66. Kd4 Ng6 67. Ne3 Nf4 68. Ke4 Ne2 69. Kf3 Nc3 70. Nc4 Kd7 71. Ke3 Kc6 72. Kd4
Nb5+ 73. Ke4 Kc5 74. Ne3 Nc3+ 75. Kd3 Nd5 76. Ng4 Nb4+ 77. Ke4 Nc6 78. Nh6 Nd8
79. Ng4 Kc4 80. Nh6 Kc3 81. Ng4 Kd2 82. Nh6 Ke2 83. Ng4 Kf1 84. Nh6 Kg2 85. Ng4
Kg3 86. Ne3 Nc6 87. Nc4 Kg4 88. Nd6 Nd8 89. Nc4 Kg5 90. Nd6 Kg6 91. Nc4 Nb7 92.
Kf4 Nc5 93. Ke3 Kg7 94. Kd4 Nd7 95. Ke4 Kf8 96. Kd4 Ke7 97. Ke4 Nb8 98. Kf4 Nc6
99. Ke4 Nxe5 100. Kxe5 f6+ 101. Kd4 Kd7 102. Ke4 Kc6 103. Kd4 e5+ 104. Nxe5+
fxe5+ 105. Kxe5 1/2-1/2

[Event "C.to Europeo U18 femminile"]
[Site "Fermo ITA"]
[Date "2009.09.04"]
[Round "5"]
[White "Dorici, Alice"]
[Black "Kosturska, Yoana"]
[Result "1-0"]
[WhiteElo "1528"]
[BlackElo "1849"]
[PlyCount "27"]
[EventDate "2009.08.31"]

1. e4 c5 2. Nc3 a6 3. f4 Nc6 4. Nf3 g6 5. d3 Bg7 6. h3 e6 7. g4 Nge7 8. Bg2 Qc7
9. O-O O-O 10. Ne2 Nd4 11. Nexd4 cxd4 12. Qe1 Qxc2 13. Rf2 Qxd3 14. Bf1 1-0

[Event "C.to Europeo U18 femminile"]
[Site "Fermo ITA"]
[Date "2009.09.04"]
[Round "5"]
[White "Jorgensen, Line Jin"]
[Black "Landl, Margot"]
[Result "1-0"]
[WhiteElo "1924"]
[BlackElo "1771"]
[PlyCount "35"]
[EventDate "2009.08.31"]

1. d4 d5 2. c4 c6 3. Nf3 Nf6 4. Qc2 dxc4 5. Qxc4 Bf5 6. Nc3 e6 7. a3 a5 8. Bg5
Nbd7 9. e4 Bg6 10. e5 h6 11. Bh4 Be7 12. exf6 Bxf6 13. Bxf6 Qxf6 14. Be2 O-O
15. O-O Bh7 16. Bd3 Bxd3 17. Qxd3 Rfd8 18. Qe3 1-0

[Event "C.to Europeo U18 femminile"]
[Site "Fermo ITA"]
[Date "2009.09.04"]
[Round "5"]
[White "Jussupow, Ekaterina"]
[Black "Savina, Anastasia"]
[Result "0-1"]
[WhiteElo "2179"]
[BlackElo "2382"]
[PlyCount "82"]
[EventDate "2009.08.31"]

1. d4 Nf6 2. Nc3 c5 3. dxc5 Qa5 4. Nf3 e6 5. Bd2 Bxc5 6. e3 Qd8 7. Bd3 O-O 8.
O-O a6 9. e4 d6 10. e5 dxe5 11. Nxe5 Nbd7 12. Bf4 Nxe5 13. Bxe5 Be7 14. Qf3 Nd7
15. Rad1 Qa5 16. Bd4 Bf6 17. Be4 Bxd4 18. Rxd4 f5 19. Bxb7 Ne5 20. Qe3 Bxb7 21.
Re1 Ng4 22. Qxe6+ Kh8 23. Rd7 Bc8 24. Rd5 Qxc3 25. bxc3 Bxe6 26. Rxe6 Rfe8 27.
Rxe8+ Rxe8 28. g3 g6 29. h3 Nf6 30. Rd6 Re1+ 31. Kg2 Ne4 32. Rxa6 Re2 33. Kf3
Rxf2+ 34. Ke3 Rxc2 35. g4 Rxc3+ 36. Kf4 Nd2 37. gxf5 Rf3+ 38. Kg5 Rxf5+ 39. Kg4
Ne4 40. a4 h5+ 41. Kh4 Rf4# 0-1

[Event "C.to Europeo U18 femminile"]
[Site "Fermo ITA"]
[Date "2009.09.04"]
[Round "5"]
[White "Mammadova, Gulnar Marfat Qizi"]
[Black "Labedz, Patrycja"]
[Result "1/2-1/2"]
[WhiteElo "2209"]
[BlackElo "2044"]
[PlyCount "84"]
[EventDate "2009.08.31"]

1. e4 e6 2. Qe2 c5 3. g3 Nc6 4. Bg2 g6 5. c3 Bg7 6. f4 Nge7 7. Nf3 d6 8. O-O
O-O 9. Na3 b6 10. d3 a5 11. Bd2 Ba6 12. g4 Qd7 13. g5 f5 14. gxf6 Bxf6 15. Bh3
Kh8 16. Ng5 Bxg5 17. fxg5 Ne5 18. c4 N7c6 19. Nc2 b5 20. b3 Qe7 21. Qe3 Kg8 22.
Bc3 Rae8 23. Qg3 Rb8 24. Ne3 b4 25. Bb2 Nd4 26. Bxd4 cxd4 27. Ng4 Nxg4 28. Qxg4
e5 29. Rf6 Bc8 30. Rxf8+ Qxf8 31. Qg3 Bxh3 32. Qxh3 Qe7 33. Qg4 Rf8 34. Rf1
Rxf1+ 35. Kxf1 Kg7 36. h4 Qf8+ 37. Kg2 Qf7 38. Kg1 Qe7 39. h5 gxh5 40. Qxh5 Qe6
41. Kf2 Qg6 42. Qg4 Qf7+ 1/2-1/2

[Event "C.to Europeo U18 femminile"]
[Site "Fermo ITA"]
[Date "2009.09.04"]
[Round "5"]
[White "Manelidou, Maria"]
[Black "Tanacs, Anna"]
[Result "1/2-1/2"]
[WhiteElo "2008"]
[BlackElo "2073"]
[PlyCount "61"]
[EventDate "2009.08.31"]

1. e4 c6 2. d4 d5 3. Nd2 dxe4 4. Nxe4 Bf5 5. Ng3 Bg6 6. Nf3 Nd7 7. h4 h6 8. Bd3
Bxd3 9. Qxd3 e6 10. Bd2 Ngf6 11. c4 Qc7 12. O-O-O O-O-O 13. Qc2 Bd6 14. Ne2
Rhe8 15. Nc3 Bf4 16. g3 Bxd2+ 17. Rxd2 Kb8 18. Re1 Qa5 19. Rd3 Qf5 20. Ne5 Nxe5
21. Rxe5 Qg6 22. Ne2 Ng4 23. Nf4 Qf6 24. Nh5 Qxf2 25. Re2 Qf1+ 26. Rd1 Qf3 27.
Nxg7 Rg8 28. Rd3 Qf1+ 29. Rd1 Qf3 30. Rd3 Qf1+ 31. Rd1 1/2-1/2

[Event "C.to Europeo U18 femminile"]
[Site "Fermo ITA"]
[Date "2009.09.04"]
[Round "5"]
[White "Paikidze, Nazi"]
[Black "Tsatsalashvili, Keti"]
[Result "1/2-1/2"]
[WhiteElo "2298"]
[BlackElo "2255"]
[PlyCount "48"]
[EventDate "2009.08.31"]

1. d4 Nf6 2. c4 e6 3. g3 d5 4. Nf3 Bb4+ 5. Bd2 Be7 6. Bg2 O-O 7. O-O c6 8. Qc2
b6 9. b3 Ba6 10. Rd1 Nbd7 11. a4 Ne4 12. Be1 Rc8 13. a5 b5 14. c5 f5 15. b4 Bf6
16. Nc3 Qe7 17. e3 g5 18. Ne2 g4 19. Nd2 Bg5 20. Ra3 Nxd2 21. Bxd2 Nf6 22. Nf4
Bxf4 23. exf4 h5 24. h4 Ne4 1/2-1/2

[Event "C.to Europeo U18 femminile"]
[Site "Fermo ITA"]
[Date "2009.09.04"]
[Round "5"]
[White "Repina, Varvara"]
[Black "Ni, Viktorija"]
[Result "0-1"]
[WhiteElo "2264"]
[BlackElo "2151"]
[PlyCount "72"]
[EventDate "2009.08.31"]

1. Nf3 Nf6 2. c4 g6 3. Nc3 Bg7 4. g3 d6 5. Bg2 O-O 6. O-O Nc6 7. d4 Bg4 8. d5
Na5 9. Qd3 c5 10. b3 a6 11. Bd2 Rb8 12. Rac1 b5 13. cxb5 axb5 14. h3 Bd7 15.
Bg5 b4 16. Bxf6 exf6 17. Nd1 Bb5 18. Qd2 f5 19. Re1 c4 20. bxc4 Bxc4 21. Rb1 b3
22. axb3 Nxb3 23. Qf4 Bxd5 24. Ne3 Be4 25. Rbd1 d5 26. g4 d4 27. gxf5 Qe7 28.
Ng4 Bxf5 29. Nh6+ Bxh6 30. Qxh6 Rbd8 31. e4 dxe3 32. Rxd8 exf2+ 33. Kxf2 Qc5+
34. Qe3 Rxd8 35. Qxc5 Nxc5 36. Ng5 Nd3+ 0-1

[Event "C.to Europeo U18 femminile"]
[Site "Fermo ITA"]
[Date "2009.09.04"]
[Round "5"]
[White "Semenova, Elena"]
[Black "Skinke, Katrina"]
[Result "1-0"]
[WhiteElo "2115"]
[BlackElo "2200"]
[PlyCount "53"]
[EventDate "2009.08.31"]

1. e4 d6 2. d4 Nf6 3. Nc3 g6 4. f4 Bg7 5. Nf3 O-O 6. Be2 c5 7. dxc5 Qa5 8. O-O
Qxc5+ 9. Kh1 Nc6 10. Bd3 a6 11. Qe1 Bd7 12. Be3 Qa5 13. a3 Rac8 14. h3 e6 15.
Qf2 Qc7 16. Bb6 Qb8 17. Rae1 Be8 18. Qh4 Nd7 19. Be3 Qc7 20. f5 Qd8 21. fxe6
fxe6 22. Bc4 d5 23. Bg5 Qa5 24. exd5 Nce5 25. Nxe5 Rxf1+ 26. Bxf1 Nxe5 27. Bf6
1-0

[Event "C.to Europeo U18 femminile"]
[Site "Fermo ITA"]
[Date "2009.09.04"]
[Round "5"]
[White "Vojinovic, Jovana"]
[Black "Girya, Olga"]
[Result "0-1"]
[WhiteElo "2341"]
[BlackElo "2266"]
[PlyCount "148"]
[EventDate "2009.08.31"]

1. d4 Nf6 2. c4 g6 3. Nc3 Bg7 4. e4 d6 5. Nf3 O-O 6. Be2 Na6 7. O-O e5 8. Be3
Ng4 9. Bg5 Qe8 10. Re1 c6 11. h3 f6 12. Bc1 Nh6 13. c5 exd4 14. Bxa6 dxc3 15.
Bc4+ Be6 16. Bxe6+ Qxe6 17. Qxd6 Qxd6 18. cxd6 Nf7 19. bxc3 Nxd6 20. Ba3 Rfd8
21. Bxd6 Rxd6 22. Rab1 Rd7 23. c4 Re8 24. Rb3 Bf8 25. g3 Bc5 26. Kg2 a5 27. Rb2
Rde7 28. Nd2 Rd8 29. Re2 Kf7 30. Rc2 Bb4 31. f3 Red7 32. Nf1 Rd3 33. Re3 Rxe3
34. Nxe3 Rd3 35. Ng4 Ke6 36. Nf2 Re3 37. Nd1 Ra3 38. f4 b6 39. Nf2 Re3 40. e5
h5 41. Nd1 Ra3 42. exf6 Kxf6 43. Re2 h4 44. gxh4 Kf5 45. Ne3+ Kxf4 46. Ng4 Bc5
47. Ne5 Rg3+ 48. Kh2 Bg1+ 49. Kh1 Bc5 50. Kh2 Bg1+ 51. Kh1 Bd4 52. Nxc6 Rxh3+
53. Kg2 Rg3+ 54. Kh2 Bg1+ 55. Kh1 Bc5 56. Ne5 Kf5 57. Kh2 Re3 58. Rxe3 Bxe3 59.
Nd7 Kg4 60. Nf8 Kxh4 61. Nxg6+ Kg5 62. Ne7 Kf4 63. Kg2 Ke4 64. Nc6 a4 65. Kf1
Kd3 66. Ne5+ Kc3 67. Ke2 Bd4 68. Nc6 Bf6 69. Kd1 Kb2 70. Nb4 Ka3 71. Nd5 Bd4
72. Kc2 Kxa2 73. Nc3+ Bxc3 74. Kxc3 Ka3 0-1

[Event "C.to Europeo U18 femminile"]
[Site "Fermo ITA"]
[Date "2009.09.04"]
[Round "5"]
[White "Zalimaite, Ieva"]
[Black "Boric, Masa"]
[Result "1-0"]
[WhiteElo "1883"]
[BlackElo "1671"]
[PlyCount "43"]
[EventDate "2009.08.31"]

1. c4 f5 2. g3 e6 3. Bg2 c6 4. Nc3 Nf6 5. Nf3 d5 6. cxd5 exd5 7. d4 Bd6 8. O-O
O-O 9. a3 Nbd7 10. Bf4 Bxf4 11. gxf4 Ne4 12. e3 Kh8 13. Ne5 Ndf6 14. f3 Nxc3
15. bxc3 Be6 16. Rb1 Qc7 17. Qe1 Rab8 18. Qh4 Kg8 19. Kh1 Nd7 20. Bh3 Rf6 21.
Rg1 Rff8 22. Qe7 1-0